<?xml version="1.0" encoding="UTF-8"?>
<record
    xmlns:xsi="http://www.w3.org/2001/XMLSchema-instance"
    xsi:schemaLocation="http://www.loc.gov/MARC21/slim http://www.loc.gov/standards/marcxml/schema/MARC21slim.xsd"
    xmlns="http://www.loc.gov/MARC21/slim">

  <leader>02126nam a22002297a 4500</leader>
  <controlfield tag="005">20240219155433.0</controlfield>
  <controlfield tag="008">240203b           ||||| |||| 00| 0 eng d</controlfield>
  <datafield tag="020" ind1=" " ind2=" ">
    <subfield code="a">9781743767900</subfield>
  </datafield>
  <datafield tag="040" ind1=" " ind2=" ">
    <subfield code="c">AL</subfield>
  </datafield>
  <datafield tag="041" ind1=" " ind2=" ">
    <subfield code="a">eng</subfield>
  </datafield>
  <datafield tag="082" ind1=" " ind2=" ">
    <subfield code="2">23</subfield>
    <subfield code="a">612.39</subfield>
    <subfield code="b">BURC</subfield>
  </datafield>
  <datafield tag="100" ind1=" " ind2=" ">
    <subfield code="a">Louise Burke Oam</subfield>
    <subfield code="9">149622</subfield>
  </datafield>
  <datafield tag="245" ind1=" " ind2=" ">
    <subfield code="a">Clinical sports nutrition</subfield>
  </datafield>
  <datafield tag="250" ind1=" " ind2=" ">
    <subfield code="a">6th ed.</subfield>
  </datafield>
  <datafield tag="260" ind1=" " ind2=" ">
    <subfield code="a">Australia</subfield>
    <subfield code="b">McGraw Hill</subfield>
    <subfield code="c">2021</subfield>
  </datafield>
  <datafield tag="300" ind1=" " ind2=" ">
    <subfield code="a">xxiv,687p.</subfield>
    <subfield code="b">PB</subfield>
    <subfield code="c">26x21cm.</subfield>
  </datafield>
  <datafield tag="365" ind1=" " ind2=" ">
    <subfield code="2">General</subfield>
    <subfield code="a">VBI-2021</subfield>
    <subfield code="b">&#x20B9;10067.00</subfield>
    <subfield code="c">&#x20B9;</subfield>
    <subfield code="d">&#x20B9;13423.00</subfield>
    <subfield code="e">25%</subfield>
    <subfield code="f">16-01-2024</subfield>
  </datafield>
  <datafield tag="520" ind1=" " ind2=" ">
    <subfield code="a">Clinical Sports Nutrition, now in its sixth edition, is a cornerstone of the Sports Medicine series offered by McGraw Hill. It is an invaluable asset for all professionals and students who are either working in or seeking a career in sports science, coaching science, sports medicine or sports dietetics. All chapters have been substantially revised and updated, with contributions from leading international researchers and practitioners in sports nutrition, sports science and sports medicine. Contributors are experts in their field, with extensive practical experience working with elite and recreational athletes at different ages, abilities and levels.
Clinical Sports Nutrition is an essential resource for all students and instructors in the discipline of sports nutrition, and a must-read for elite athletes, sports professionals and trainers who need to keep their knowledge current. Features: &#x2022; Practice tips to enable health professionals to translate research into practical nutrition advice. &#x2022; New and comprehensively updated chapters on making weight, low energy availability with measurement protocols, medical and nutrition issues for athletes when travelling, and the athlete with diabetes. &#x2022; A new commentary on sustainable eating for athletes. &#x2022; Instructor resources via Connect that include evidence-based real-life case studies with accompanying questions and quizzes to test or consolidate students&#x2019; understanding. </subfield>
  </datafield>
  <datafield tag="650" ind1=" " ind2=" ">
    <subfield code="2">Medicine and Health</subfield>
    <subfield code="a">Human Physiology</subfield>
    <subfield code="9">149623</subfield>
  </datafield>
  <datafield tag="700" ind1=" " ind2=" ">
    <subfield code="a">Deakin, Vicki; Minehan, Michelle.</subfield>
    <subfield code="9">149624</subfield>
  </datafield>
  <datafield tag="942" ind1=" " ind2=" ">
    <subfield code="2">ddc</subfield>
    <subfield code="c">BK</subfield>
  </datafield>
  <datafield tag="999" ind1=" " ind2=" ">
    <subfield code="c">229726</subfield>
    <subfield code="d">229726</subfield>
  </datafield>
  <datafield tag="952" ind1=" " ind2=" ">
    <subfield code="0">0</subfield>
    <subfield code="1">0</subfield>
    <subfield code="2">ddc</subfield>
    <subfield code="4">0</subfield>
    <subfield code="7">3</subfield>
    <subfield code="8">FSND</subfield>
    <subfield code="a">SACPG</subfield>
    <subfield code="b">SACPG</subfield>
    <subfield code="d">2024-01-23</subfield>
    <subfield code="e">Vidyarthi Books</subfield>
    <subfield code="g">10067.00</subfield>
    <subfield code="l">0</subfield>
    <subfield code="o">612.39 BURC</subfield>
    <subfield code="p">PG024595</subfield>
    <subfield code="r">2024-02-03 00:00:00</subfield>
    <subfield code="v">13423.00</subfield>
    <subfield code="w">2024-02-03</subfield>
    <subfield code="y">BK</subfield>
  </datafield>
</record>
